[Event "POHÁR města Říčany 2024"]
[Site "Městské kulturní středisko U labutě"]
[Date "2024.06.30"]
[Round "2.1"]
[White "Veverka, Vladimir"]
[Black "Burdalev, Kirill"]
[Result "0-1"]
[WhiteElo "1968"]
[BlackElo "2348"]
[WhiteFideId "23716568"]
[BlackFideId "14121913"]
[PlyCount "0"]
[EventDate "2024.06.29"]

1. d4 d5 2. c4 c6 3. Nf3 Nf6 4. g3 Bf5 5. Qb3 Qb6 6. c5 Qc7 7. Bf4 Qc8 8. Nc3
h6 9. Bg2 Nbd7 10. Nd2 e5 11. Bxe5 Nxe5 12. dxe5 Nd7 13. e4 Nxc5 14. Qd1 dxe4
15. Ndxe4 Nxe4 16. Nxe4 Bb4+ 17. Nc3 O-O 18. O-O Qe6 19. Qe2 Rfe8 20. Rfe1 Rad8
21. Kh1 Rd4 22. a3 Ba5 23. b4 Bb6 24. Na4 Red8 25. Nxb6 axb6 26. Red1 Rxd1+
27. Rxd1 Rxd1+ 28. Qxd1 Qxe5 29. h4 Kh7 30. Kh2 b5 31. Qd8 h5 32. Qb6 Qe7
33. Qa7 0-1

[Event "POHÁR města Říčany 2024"]
[Site "Městské kulturní středisko U labutě"]
[Date "2024.06.30"]
[Round "2.2"]
[White "Korniichuk, Oleksandra"]
[Black "Walek, Petr"]
[Result "0-1"]
[WhiteElo "1956"]
[BlackElo "2294"]
[WhiteFideId "14155656"]
[BlackFideId "339393"]
[PlyCount "0"]
[EventDate "2024.06.29"]

1. e4 c5 2. Nf3 Nc6 3. d4 cxd4 4. Nxd4 g6 5. Nc3 Bg7 6. Be3 Nf6 7. Bc4 d6 8. f3
Bd7 9. Bb3 Na5 10. Qd3 h5 11. h4 Rb8 12. Ndb5 a6 13. Nxd6+ exd6 14. Qxd6 Nxb3
15. Bb6 Nxa1 16. Bxd8 Rxd8 17. O-O Nxc2 18. Qe5+ Kf8 19. Qc7 Rc8 20. Qd6+ Kg8
21. e5 Be6 22. exf6 Bxf6 23. Qd2 Bxc3 24. bxc3 Na3 25. Re1 Nb5 26. a4 Nc7
27. Qg5 b5 28. axb5 axb5 29. Rd1 Bc4 30. Rd6 Ne6 31. Qf6 Ng7 32. Rd8+ Rxd8
33. Qxd8+ Kh7 34. Qd6 Re8 35. g4 Re6 36. Qf4 Re2 37. Qd4 Ra2 38. Kh1 Be6
39. gxh5 Nxh5 40. Qe5 Rd2 41. Kg1 Bh3 42. Qg5 Rg2+ 43. Qxg2 Bxg2 44. Kxg2 Nf4+
45. Kf2 Nd5 0-1

[Event "POHÁR města Říčany 2024"]
[Site "Městské kulturní středisko U labutě"]
[Date "2024.06.30"]
[Round "2.3"]
[White "Vojta, Jakub"]
[Black "Pressler, Tobias"]
[Result "1/2-1/2"]
[WhiteElo "2266"]
[BlackElo "2005"]
[WhiteFideId "382515"]
[BlackFideId "23715359"]
[PlyCount "0"]
[EventDate "2024.06.29"]

1. c4 Nf6 2. g3 c5 3. Bg2 Nc6 4. Nc3 g6 5. e4 Bg7 6. Nge2 O-O 7. O-O d6 8. d3
a6 9. a4 Ne8 10. Be3 Nc7 11. d4 cxd4 12. Nxd4 Be6 13. b3 Rb8 14. Rc1 Nxd4
15. Bxd4 Bxd4 16. Qxd4 b5 17. cxb5 axb5 18. Nd5 Bxd5 19. exd5 Na6 20. Rfe1 Nc5
21. Qe3 bxa4 22. bxa4 Re8 23. Rc4 Qa5 24. Rec1 Rb4 25. h4 Qxa4 26. Rxb4 Qxb4
27. h5 Nd7 28. h6 Ne5 29. Rc7 Qb1+ 30. Bf1 Kf8 31. Qc3 f6 32. Rc8 Qb7 33. Rxe8+
Kxe8 34. Bg2 Qb1+ 35. Bf1 Qf5 36. f4 Ng4 37. Bd3 Qd7 38. Bxg6+ Kf8 39. Bxh7 Nxh6
40. Be4 Qa7+ 41. Kg2 Qa6 1/2-1/2

[Event "POHÁR města Říčany 2024"]
[Site "Městské kulturní středisko U labutě"]
[Date "2024.06.30"]
[Round "2.4"]
[White "Vysinsky, Otakar"]
[Black "Petr, Jakub"]
[Result "0-1"]
[WhiteElo "1941"]
[BlackElo "2235"]
[WhiteFideId "23719818"]
[BlackFideId "371718"]
[PlyCount "0"]
[EventDate "2024.06.29"]

1. e4 c5 2. Nc3 Nc6 3. g3 g6 4. Bg2 Bg7 5. d3 d6 6. f4 e6 7. Nf3 Nge7 8. O-O
O-O 9. Be3 Nd4 10. e5 Nef5 11. Bf2 Nxf3+ 12. Qxf3 Nd4 13. Qd1 dxe5 14. fxe5 Bxe5
15. Ne4 f5 16. Nd2 Nb5 17. Bxc5 Bxb2 18. Bxf8 Qxf8 19. Nc4 Bxa1 20. Qxa1 Nd6
21. Qd4 Nf7 22. Rb1 Qd8 23. Qe3 Qc7 24. a4 Nd8 25. a5 Nc6 26. a6 Rb8 27. Qc5 Bd7
28. Rxb7 Rxb7 29. axb7 Qxb7 30. Bxc6 Bxc6 31. Na5 Qb1+ 32. Kf2 Bd7 33. Qxa7
Qxc2+ 34. Ke3 Qc1+ 35. Ke2 Qb2+ 36. Kf3 Ba4 37. Qa8+ Kg7 38. Qa7+ Kf6 39. Qg1
Qc3 40. Nc4 Qxd3+ 41. Ne3 Bc6+ 0-1

[Event "POHÁR města Říčany 2024"]
[Site "Městské kulturní středisko U labutě"]
[Date "2024.06.30"]
[Round "2.5"]
[White "Jun, Rudolf"]
[Black "Bezdek, Tomas"]
[Result "1-0"]
[WhiteElo "2232"]
[BlackElo "1958"]
[WhiteFideId "376612"]
[BlackFideId "23733551"]
[PlyCount "0"]
[EventDate "2024.06.29"]

1. e4 e6 2. d4 d5 3. Nd2 c5 4. exd5 Qxd5 5. Ngf3 cxd4 6. Bc4 Qd6 7. O-O Nf6
8. Nb3 Nc6 9. Nbxd4 Nxd4 10. Nxd4 a6 11. a4 Qc7 12. b3 Bd6 13. h3 O-O 14. Bb2
Bd7 15. Qe2 e5 16. Nf3 e4 17. Nd2 Be5 18. Bxe5 Qxe5 19. Rfe1 Rfe8 20. Qe3 Qc7
21. a5 Re5 22. Qf4 Bc6 23. Re3 Rae8 24. Nf1 Qe7 25. c3 Nh5 26. Qh2 Qf6 27. b4
Nf4 28. Rae1 Bd5 29. Bxd5 Nxd5 30. Rxe4 Rxe4 31. Rxe4 Rf8 32. Qe5 Qxe5 33. Rxe5
Nxc3 34. Re7 Rb8 35. Ne3 Kf8 36. Rd7 Ke8 37. Rc7 Nb5 38. Rc4 Rd8 39. Rh4 h6
40. Nf5 Kf8 41. Rg4 g6 42. Nxh6 Rd4 43. Kf1 Rd5 44. Rf4 Nd6 45. Ng4 Ke7 46. Ke2
Rb5 47. Ne3 Ke6 48. Kf3 g5 49. Rg4 b6 50. Nc2 Nf5 1-0

[Event "POHÁR města Říčany 2024"]
[Site "Městské kulturní středisko U labutě"]
[Date "2024.06.30"]
[Round "2.7"]
[White "Crha, Ondrej"]
[Black "Sedlak, Milan"]
[Result "1-0"]
[WhiteElo "2171"]
[BlackElo "1953"]
[WhiteFideId "307220"]
[BlackFideId "23746149"]
[PlyCount "0"]
[EventDate "2024.06.29"]

1. e4 d6 2. d4 Nf6 3. Nc3 c6 4. Be3 Qa5 5. Bd3 e5 6. Nf3 Bg4 7. h3 Bxf3 8. Qxf3
Nbd7 9. O-O Be7 10. Qe2 O-O 11. Rad1 b5 12. a3 Qc7 13. f4 a5 14. g4 b4 15. Nb1
exd4 16. Bxd4 c5 17. Bf2 Nb6 18. c4 Rfe8 19. Qc2 h6 20. a4 b3 21. Qxb3 Rab8
22. Qc2 Qd7 23. e5 Nxg4 24. Bf5 Qxa4 25. b3 Qc6 26. Bxg4 a4 27. Nc3 axb3
28. Qxb3 h5 29. Bxh5 dxe5 30. Bg4 exf4 31. Nd5 Nxd5 32. cxd5 Qg6 33. Qd3 Qxd3
34. Rxd3 Bd6 35. Rc1 f6 36. Bxc5 Bxc5+ 37. Rxc5 Rb2 38. Rc8 Kf8 39. d6 Rxc8
40. Bxc8 Ke8 41. Bg4 f5 42. Bd1 Ra2 43. Rd4 f3 44. Ba4+ Kd8 45. Rh4 1-0

[Event "POHÁR města Říčany 2024"]
[Site "Městské kulturní středisko U labutě"]
[Date "2024.06.30"]
[Round "2.8"]
[White "Vavrinec, Tomas"]
[Black "Topencik, Bruno"]
[Result "0-1"]
[WhiteElo "1922"]
[BlackElo "2070"]
[WhiteFideId "318353"]
[BlackFideId "23716550"]
[PlyCount "0"]
[EventDate "2024.06.29"]

1. Nf3 d5 2. c4 e6 3. g3 Nf6 4. Bg2 dxc4 5. O-O Nbd7 6. Na3 Bxa3 7. bxa3 O-O
8. Qc2 Nb6 9. Ne5 Re8 10. Bb2 c6 11. Rfd1 Qe7 12. a4 Qb4 13. a5 Qxa5 14. a4 Nfd7
15. Bc3 Qc5 16. Qb2 f6 17. a5 fxe5 18. axb6 Qxb6 19. Qa2 Qc5 20. d4 cxd3
21. Rxd3 Nb6 22. Rad1 Nd5 23. Bxe5 Nb4 24. Qa1 Nxd3 25. Rxd3 Qe7 26. Qd4 a5
27. Bd6 e5 28. Qc5 Qf7 29. Bxe5 Be6 30. Qb6 a4 31. f4 a3 32. Rd1 a2 33. Be4 Bb3
34. Ra1 Rad8 35. Bd3 Qd5 36. Rc1 Rxe5 0-1

[Event "POHÁR města Říčany 2024"]
[Site "Městské kulturní středisko U labutě"]
[Date "2024.06.30"]
[Round "2.9"]
[White "Verner, Matej"]
[Black "Svoboda, Daniel"]
[Result "0-1"]
[WhiteElo "2043"]
[BlackElo "1922"]
[WhiteFideId "23729236"]
[BlackFideId "23718684"]
[PlyCount "0"]
[EventDate "2024.06.29"]

1. e4 c5 2. d4 cxd4 3. c3 dxc3 4. Nxc3 Nc6 5. Nf3 e6 6. Bc4 h6 7. O-O Nge7
8. Bg5 f6 9. Be3 b5 10. Bb3 Ng6 11. Nd5 exd5 12. exd5 Nge5 13. Nxe5 fxe5 14. d6
Bb7 15. f4 exf4 16. Re1 fxe3 17. Rxe3+ Be7 18. Qd4 Qa5 19. dxe7 Nxe7 20. Rxe7+
Kxe7 21. Rd1 Bc6 22. Qh4+ Ke8 23. Rf1 d5 24. Qh5+ Kd7 25. Rf7+ Kd6 26. Qh4 Rae8
27. Qf4+ Re5 28. h3 {pro necitelnost ukonceno drive} 0-1

[Event "POHÁR města Říčany 2024"]
[Site "Městské kulturní středisko U labutě"]
[Date "2024.06.30"]
[Round "2.10"]
[White "Hejsek, Lukas"]
[Black "Voracek, Zdenek"]
[Result "1-0"]
[WhiteElo "2029"]
[BlackElo "1914"]
[WhiteFideId "393860"]
[BlackFideId "331880"]
[PlyCount "0"]
[EventDate "2024.06.29"]

1. d4 d5 2. Nf3 Nf6 3. c4 e6 4. g3 c6 5. Bg2 Be7 6. O-O O-O 7. Qc2 dxc4 8. Qxc4
b5 9. Qc2 Bb7 10. Nbd2 Qb6 11. a4 Rc8 12. a5 Qd8 13. Nb3 c5 14. dxc5 Na6 15. Rd1
Qe8 16. Be3 Be4 17. Qc1 Nd5 18. Bd4 Nab4 19. Ne1 Bxg2 20. Kxg2 e5 21. Bxe5 Bxc5
22. Qg5 f6 23. Bxf6 Nxf6 24. Nxc5 Qc6+ 25. Nf3 Qxc5 26. Rd8+ Kf7 27. Qxc5 Rxc5
28. Rxa8 a6 29. Rd1 Rc2 30. Rd2 Rxd2 31. Nxd2 Ne8 32. Ne4 1-0

[Event "POHÁR města Říčany 2024"]
[Site "Městské kulturní středisko U labutě"]
[Date "2024.06.30"]
[Round "2.12"]
[White "Novak, Jindrich"]
[Black "Hronik, Petr"]
[Result "1/2-1/2"]
[WhiteElo "2010"]
[BlackElo "1907"]
[WhiteFideId "307874"]
[BlackFideId "336700"]
[PlyCount "0"]
[EventDate "2024.06.29"]

1. d4 d5 2. Nf3 Bf5 3. c4 e6 4. Nc3 c6 5. Qb3 Qb6 6. c5 Qxb3 7. axb3 Nd7 8. b4
a6 9. b5 cxb5 10. Nxb5 Rc8 11. Nc3 e5 12. Nxd5 Be6 13. Nc3 exd4 14. Nxd4 Nxc5
15. e3 Nf6 16. Be2 Be7 17. O-O O-O 18. Nxe6 fxe6 19. Rb1 Rfd8 20. Bf3 Rc7 21. e4
Nb3 22. Bf4 Rcd7 23. Rfd1 Nd4 24. Kf1 Nxf3 25. gxf3 Rxd1+ 26. Nxd1 Nh5 27. Be3
Bd6 28. h3 Nf4 29. Nc3 Nxh3 30. Rd1 Be7 31. Rxd8+ Bxd8 32. f4 g5 33. fxg5 Nxg5
34. f4 Nf7 35. Ke2 Be7 36. Na4 Kf8 37. Bc5 Bxc5 38. Nxc5 Nd8 39. Ke3 Ke7 40. e5
a5 41. b3 b5 42. Ke4 Nc6 43. Kd3 Nb4+ 44. Kd4 Nc2+ 45. Kd3 Ne1+ 46. Ke2 Ng2
47. Kf3 Nh4+ 48. Kg4 Nf5 49. Kg5 Nd4 50. Kh6 Ne2 51. Kg5 {tezko k precteni}
1/2-1/2

[Event "POHÁR města Říčany 2024"]
[Site "Městské kulturní středisko U labutě"]
[Date "2024.06.30"]
[Round "2.13"]
[White "Hosova, Sandra"]
[Black "Kulhanek, Tomas"]
[Result "1-0"]
[WhiteElo "1808"]
[BlackElo "2319"]
[WhiteFideId "397717"]
[BlackFideId "309656"]
[PlyCount "0"]
[EventDate "2024.06.29"]

1. d4 Nf6 2. Nf3 g6 3. Bf4 Bg7 4. Nc3 d6 5. Qd2 c6 6. e4 Qa5 7. Be2 b5 8. e5 b4
9. exf6 bxc3 10. bxc3 Bxf6 11. Bh6 Nd7 12. O-O Nb6 13. Ng5 Bxg5 14. Bxg5 f6
15. Bh6 Kf7 16. Rfe1 Be6 17. Bd3 Rhe8 18. h4 Bc4 19. Qe3 e6 20. Be4 Bd5 21. f3
Nc4 22. Qf4 Qxc3 23. Bd3 e5 24. dxe5 dxe5 25. Qg3 Nb2 26. Rab1 Rab8 27. Rxb2
Rxb2 28. h5 Rg8 29. Re3 Rb1+ 30. Kh2 Qa1 31. Qf2 Rh1+ 1-0

[Event "POHÁR města Říčany 2024"]
[Site "Městské kulturní středisko U labutě"]
[Date "2024.06.30"]
[Round "2.14"]
[White "Petras, Milan"]
[Black "Masek, Tomas"]
[Result "1-0"]
[WhiteElo "1977"]
[BlackElo "1699"]
[WhiteFideId "306665"]
[BlackFideId "23755580"]
[PlyCount "0"]
[EventDate "2024.06.29"]

1. d4 Nf6 2. Nf3 e6 3. Bf4 b6 4. h3 Bb7 5. Nbd2 c5 6. e3 Be7 7. Bd3 O-O 8. O-O
Nc6 9. c3 d6 10. Qe2 Nd7 11. e4 cxd4 12. cxd4 e5 13. Be3 exd4 14. Nxd4 Bf6
15. Nxc6 Bxc6 16. Rac1 Nc5 17. b4 Nxd3 18. Qxd3 Qd7 19. Rfd1 Bb5 20. Nc4 Qe6
21. Qd5 Qxd5 22. exd5 Ba4 23. Rd3 Bb5 24. Rdd1 Ba4 25. Re1 h6 26. Bf4 Bg5
27. Bxg5 hxg5 28. Nxd6 Rfd8 29. Ne4 Rxd5 30. Nc3 1-0

[Event "POHÁR města Říčany 2024"]
[Site "Městské kulturní středisko U labutě"]
[Date "2024.06.30"]
[Round "2.15"]
[White "Glasberger, Roman"]
[Black "Jakubse, Tamae Severina"]
[Result "0-1"]
[WhiteElo "1698"]
[BlackElo "1935"]
[WhiteFideId "398799"]
[BlackFideId "23745975"]
[PlyCount "0"]
[EventDate "2024.06.29"]

1. d4 Nf6 2. c4 g6 3. Nc3 d5 4. Bf4 Bg7 5. e3 O-O 6. Nf3 c5 7. h3 Qa5 8. Qd2
Rd8 9. Bd3 Nc6 10. O-O Nh5 11. Be5 Nxe5 12. Nxe5 Bxe5 13. cxd5 cxd4 14. exd4
Bxd4 15. Rfe1 Bxc3 16. bxc3 Qxd5 17. Re3 Nf4 18. f3 Nxd3 19. Rd1 Qc5 20. Kf1 Bf5
21. g4 Nb2 22. Qxd8+ Rxd8 23. Rxd8+ Kg7 24. Re2 Bd3 0-1

[Event "POHÁR města Říčany 2024"]
[Site "Městské kulturní středisko U labutě"]
[Date "2024.06.30"]
[Round "2.16"]
[White "Skala, Jaromir"]
[Black "Grebeniuc, Alexandra"]
[Result "0-1"]
[WhiteElo "1914"]
[BlackElo "1800"]
[WhiteFideId "325805"]
[BlackFideId "13911635"]
[PlyCount "0"]
[EventDate "2024.06.29"]

1. d4 d5 2. Nf3 Nf6 3. g3 g6 4. Bg2 Bg7 5. O-O O-O 6. b3 c6 7. Bb2 a6 8. c4 b5
9. cxd5 cxd5 10. e3 Nc6 11. Nc3 Bb7 12. Rc1 Re8 13. Ne2 Nd7 14. Qd2 a5 15. Nf4
e6 16. Nd3 b4 17. Rc2 Qe7 18. Rfc1 Rec8 19. Nc5 Nxc5 20. Rxc5 Qe8 21. Ne1 Bf8
22. R5c2 a4 23. bxa4 Rxa4 24. Ba1 Rca8 25. Rxc6 Bxc6 26. Rxc6 Rxa2 27. Bb2 Rc8
28. Rxc8 Qxc8 29. Nd3 b3 30. Nc1 Bb4 31. Qxb4 Rxb2 32. Nxb3 Kg7 33. Qc5 Qb7
34. Nc1 Rb1 35. Qc2 Qb4 36. Kf1 Ra1 37. Ke2 Qb5+ 38. Ke1 Rb1 39. Bf1 Qb4+
40. Kd1 Rb2 41. Nd3 Rxc2 42. Nxb4 Rxf2 43. Ke1 Rxh2 44. Nd3 Ra2 45. Be2 h5
46. Kf2 f6 47. Kf3 g5 48. Bf1 Kg6 49. e4 dxe4+ 50. Kxe4 Ra1 51. Bg2 Ra3 52. Bf1
Rc3 53. Be2 Rc2 54. Bf1 Ra2 55. Bh3 Re2+ 56. Kf3 Rh2 57. Bxe6 h4 58. gxh4 Rxh4
59. d5 f5 60. Ke3 Kf6 61. Bc8 Re4+ 62. Kd2 g4 63. Bb7 g3 64. d6 g2 65. Bxe4 fxe4
66. d7 Ke7 0-1

[Event "POHÁR města Říčany 2024"]
[Site "Městské kulturní středisko U labutě"]
[Date "2024.06.30"]
[Round "2.17"]
[White "Gacho, Ondrej"]
[Black "Kaplanova, Dominika"]
[Result "0-1"]
[WhiteElo "1765"]
[BlackElo "1912"]
[WhiteFideId "23718102"]
[BlackFideId "23737344"]
[PlyCount "0"]
[EventDate "2024.06.29"]

1. b3 d5 2. Bb2 Bf5 3. e3 Nf6 4. Nf3 e6 5. d4 Nbd7 6. Be2 Be7 7. O-O O-O 8. c4
c6 9. Nbd2 Ne4 10. Nxe4 dxe4 11. Ne5 f6 12. Nxd7 Qxd7 13. Bg4 Bg6 14. Bh5 Bxh5
15. Qxh5 g6 16. Qe2 f5 17. Rad1 Bf6 18. Qc2 h5 19. Rd2 Qg7 20. Rfd1 Rfd8 21. Ba3
Rd7 22. b4 Be7 23. Qb3 Rad8 24. c5 Qf7 25. b5 e5 26. Qxf7+ Kxf7 27. bxc6 bxc6
28. Bb4 exd4 29. Ba5 Rb8 30. exd4 Rb5 31. Bc3 Bg5 32. Rb2 Rxc5 33. Bd2 Rxd4
34. Rb7+ Ke6 0-1

[Event "POHÁR města Říčany 2024"]
[Site "Městské kulturní středisko U labutě"]
[Date "2024.06.30"]
[Round "2.18"]
[White "Pesek, Jan Antonin"]
[Black "Cabela, Filip"]
[Result "0-1"]
[WhiteElo "1635"]
[BlackElo "1903"]
[WhiteFideId "23745010"]
[BlackFideId "23753552"]
[PlyCount "0"]
[EventDate "2024.06.29"]

1. d4 g6 2. Nf3 Bg7 3. e3 d6 4. Bc4 a6 5. a4 Nc6 6. O-O e5 7. dxe5 Nxe5 8. Nxe5
Bxe5 9. f4 Bg7 10. e4 Ne7 11. f5 d5 12. fxg6 hxg6 13. exd5 Qd6 14. Ra3 Qxh2+
15. Kf2 Qh4+ 16. Kg1 Qxc4 17. Rf4 Qc5+ 18. Be3 Qd6 19. c4 Bf5 20. Nd2 Bh6
21. Rd4 Qxa3 22. Bxh6 Qxb2 23. Bg7 Rh5 24. Bf6 Qb6 25. d6 O-O-O 26. dxe7 Rxd4
27. Qb3 Qe6 28. c5 Qe1+ 29. Nf1 Rd3 30. Qb1 Rh1+ 31. Kxh1 Rh3+ 32. gxh3 Bxb1 0-1

[Event "POHÁR města Říčany 2024"]
[Site "Městské kulturní středisko U labutě"]
[Date "2024.06.30"]
[Round "2.19"]
[White "Artamonov, Mikhail"]
[Black "Novotny, David"]
[Result "1-0"]
[WhiteElo "1800"]
[BlackElo "2034"]
[WhiteFideId "23732946"]
[BlackFideId "374083"]
[PlyCount "0"]
[EventDate "2024.06.29"]

1. e4 c5 2. Nf3 e6 3. c4 Nc6 4. d4 cxd4 5. Nxd4 Nf6 6. Nc3 Bb4 7. f3 O-O
8. Nxc6 bxc6 9. e5 Nh5 10. Qd4 f5 11. Be3 c5 12. Qd2 f4 13. Bf2 Qg5 14. Qd6 Rf5
15. O-O-O Bxc3 16. bxc3 a5 17. h4 Qh6 18. Bxc5 Ng3 19. Qe7 g6 20. Qe8+ Kg7
21. Bd3 Rf7 22. Be7 Nxh1 23. Rxh1 a4 24. Qd8 Qh5 25. Bf6+ Kh6 26. Qg8 Rxf6
27. exf6 Qc5 28. Qg7+ Kh5 29. Qxh7# 1-0

[Event "POHÁR města Říčany 2024"]
[Site "Městské kulturní středisko U labutě"]
[Date "2024.06.30"]
[Round "2.20"]
[White "Pavlicek, Petr"]
[Black "Dudkova, Josefina"]
[Result "1-0"]
[WhiteElo "1904"]
[BlackElo "1794"]
[WhiteFideId "325163"]
[BlackFideId "23712350"]
[PlyCount "0"]
[EventDate "2024.06.29"]

1. c4 e5 2. Nc3 Nf6 3. Nf3 Nc6 4. g3 d5 5. cxd5 Nxd5 6. Bg2 Be6 7. O-O a6 8. d4
Nxc3 9. bxc3 exd4 10. Nxd4 Nxd4 11. cxd4 Bd5 12. e4 Bc4 13. Re1 Be7 14. Bb2 O-O
15. d5 f6 16. Qc2 b5 17. Bh3 Bd6 18. f4 Rb8 19. a3 c6 20. Rad1 cxd5 21. Be6+ Kh8
22. Bxd5 Qe7 23. Kg2 Rbc8 24. Bxc4 bxc4 25. e5 Bxa3 26. Bxa3 Qxa3 27. Kh3 fxe5
28. Rxe5 Qb3 29. Qe2 c3 30. Rd7 Qc4 31. Qg4 Qg8 32. Ree7 h6 33. Rxg7 c2 34. Qg6
1-0

[Event "POHÁR města Říčany 2024"]
[Site "Městské kulturní středisko U labutě"]
[Date "2024.06.30"]
[Round "2.21"]
[White "Madle, Robin"]
[Black "Kubicek, Daniel"]
[Result "1-0"]
[WhiteElo "1889"]
[BlackElo "1791"]
[WhiteFideId "393886"]
[BlackFideId "23718838"]
[PlyCount "0"]
[EventDate "2024.06.29"]

1. e4 e5 2. Nf3 Nc6 3. d4 exd4 4. Bc4 Nge7 5. O-O d6 6. Nxd4 Nxd4 7. Qxd4 Nc6
8. Qd1 Be6 9. Bd5 Qd7 10. c4 g6 11. Bxc6 Qxc6 12. Qd4 Rg8 13. Bg5 Bg7 14. Bf6
Bxf6 15. Qxf6 Qxe4 16. Nc3 Qf5 17. Qd4 Qg4 18. Ne4 Kd8 19. Qf6+ Kc8 20. f3 Qf5
21. Qe7 h6 22. c5 d5 23. Nd6+ cxd6 24. cxd6 Bd7 25. Rac1+ Kb8 26. Rc7 Re8
27. Rxd7 Rxe7 28. Rd8+ Qc8 29. dxe7 Qxd8 30. exd8=Q# 1-0

[Event "POHÁR města Říčany 2024"]
[Site "Městské kulturní středisko U labutě"]
[Date "2024.06.30"]
[Round "2.22"]
[White "Rossler, Erik"]
[Black "Cervenka, Petr"]
[Result "1/2-1/2"]
[WhiteElo "1797"]
[BlackElo "1874"]
[WhiteFideId "23719761"]
[BlackFideId "312444"]
[PlyCount "0"]
[EventDate "2024.06.29"]

1. e4 e6 2. d4 d5 3. Nc3 Bb4 4. e5 c5 5. a3 Bxc3+ 6. bxc3 Ne7 7. Qg4 Qc7
8. Qxg7 Rg8 9. Qxh7 cxd4 10. Qd3 Qxe5+ 11. Ne2 dxc3 12. Bf4 Qf5 13. Qxf5 Nxf5
14. Nxc3 Bd7 15. Bd3 Nd4 16. Bg3 Nbc6 17. Rb1 b6 18. Kd2 f6 19. Rhe1 Kf7 20. Ne2
e5 21. c4 Bf5 22. Nxd4 Nxd4 23. Bxf5 Nxf5 24. cxd5 Rad8 25. Rec1 Rxd5+ 26. Ke1
Rd7 27. Rc3 Nd4 28. a4 Ke6 29. Rbc1 a6 30. Rc8 Rxc8 31. Rxc8 b5 32. axb5 axb5
33. Rb8 b4 34. f4 e4 35. Rb6+ Kf5 36. Bf2 Nc2+ 37. Ke2 e3 38. Be1 Rd4 39. g3 Re4
40. h3 Nd4+ 41. Kd3 b3 42. Bc3 e2 43. g4+ Kxf4 44. Rxf6+ Ke5 45. Rf5+ Ke6
46. Kxe4 b2 47. Re5+ Kf7 48. Kxd4 b1=Q 49. Rxe2 Qd1+ 50. Rd2 Qf3 51. Rd3 Qg2
52. Re3 Qf2 53. Ke4 Kg6 54. Bd4 Qc2+ 55. Kf4 Qd2 56. Be5 Qc1 57. h4 Qc4+ 58. Kg3
Qf1 59. Bf4 Qg1+ 60. Kf3 Qh1+ 61. Ke2 Qxh4 62. Kf3 Qh1+ 63. Kf2 Qd5 64. Kg3 Qa2
65. Kf3 Qd5+ 66. Kg3 Qc4 67. Re5 Qc3+ 68. Re3 Qc4 69. Kf3 Qd5+ 70. Kf2 Qd2+
71. Kg3 Qd5 72. Re5 Qd3+ 73. Be3 Qf1 74. Rg5+ Kh7 75. Rh5+ Kg7 76. Rf5 Qe1+
77. Bf2 Qe4 78. Bc5 Kg6 79. Bf2 Qxf5 80. gxf5+ 1/2-1/2

[Event "POHÁR města Říčany 2024"]
[Site "Městské kulturní středisko U labutě"]
[Date "2024.06.30"]
[Round "2.24"]
[White "Kuhnmund, Ivan"]
[Black "Rubin, Andrej"]
[Result "1/2-1/2"]
[WhiteElo "1791"]
[BlackElo "1853"]
[WhiteFideId "393983"]
[BlackFideId "23751738"]
[PlyCount "0"]
[EventDate "2024.06.29"]

1. e4 c5 2. Nc3 d6 3. f4 Nc6 4. Nf3 Bg4 5. Bb5 g6 6. h3 Bxf3 7. Qxf3 a6
8. Bxc6+ bxc6 9. O-O e6 10. f5 Bg7 11. fxg6 f6 12. gxh7 Rxh7 13. e5 d5 14. Qg4
Kf7 15. d4 cxd4 16. Ne2 Nh6 17. Qh5+ Kg8 18. exf6 Bf8 19. f7+ Nxf7 20. Qg6+ Rg7
21. Qxe6 Qe8 22. Nxd4 Bc5 23. Qxe8+ Rxe8 24. c3 Re2 25. Kh1 Bxd4 26. cxd4 Rgxg2
27. Bf4 Rxb2 28. Rg1 Rxg1+ 29. Kxg1 Rc2 30. a3 Rc4 31. Rd1 Kg7 32. Kg2 Kg6
33. Rd3 Kf5 34. Kf3 Ng5+ 35. Bxg5 Kxg5 36. Kg3 a5 37. h4+ Kh5 38. Re3 Rxd4
39. Re5+ Kh6 40. Re6+ Kh5 41. Re5+ Kh6 42. Re6+ Kh5 43. Re5+ Kh6 44. Re6+
1/2-1/2

[Event "POHÁR města Říčany 2024"]
[Site "Městské kulturní středisko U labutě"]
[Date "2024.06.30"]
[Round "2.25"]
[White "Lizner, Milan"]
[Black "Hampel, Rudolf"]
[Result "1/2-1/2"]
[WhiteElo "1847"]
[BlackElo "1765"]
[WhiteFideId "324256"]
[BlackFideId "323853"]
[PlyCount "0"]
[EventDate "2024.06.29"]

1. e4 c5 2. Nf3 d6 3. Bb5+ Bd7 4. O-O e6 5. d4 Ne7 6. Be3 g6 7. Nbd2 f6 8. Qe2
Bg7 9. Rfd1 Qc7 10. Rac1 O-O 11. Nb3 1/2-1/2

[Event "POHÁR města Říčany 2024"]
[Site "Městské kulturní středisko U labutě"]
[Date "2024.06.30"]
[Round "2.26"]
[White "Petrasek, Jiri"]
[Black "Jirousek, Tadeas"]
[Result "1-0"]
[WhiteElo "1788"]
[BlackElo "1831"]
[WhiteFideId "23735880"]
[BlackFideId "382353"]
[PlyCount "0"]
[EventDate "2024.06.29"]

1. e4 c5 2. c3 e6 3. d4 d5 4. exd5 exd5 5. Nf3 Bd6 6. Be3 Qe7 7. Bd3 Nf6 8. O-O
O-O 9. Re1 Bg4 10. Nbd2 Qc7 11. Qb1 Nbd7 12. b3 Bh5 13. a4 Rae8 14. Qb2 Ng4
15. h3 Nxe3 16. fxe3 Bg3 17. Re2 Nf6 18. Qc2 Re7 19. Nf1 Bd6 20. Rf2 Rfe8
21. dxc5 Bxc5 22. Nd4 Ne4 23. Bxe4 Rxe4 24. Qd2 a6 25. Rc1 Ba7 26. b4 Bb8
27. Nf5 Bg6 28. N5g3 R4e5 29. Qd4 Qc4 30. Rd2 Rg5 31. Ne2 Be4 32. g3 Qc8 33. Nf4
Be5 34. Qc5 Qxc5 35. bxc5 Rc8 36. Nxd5 Rxc5 37. Nf4 h6 38. h4 Rf5 39. g4 Rf6
40. Rd8+ Kh7 41. g5 Rg6 42. Ng3 Bf3 43. Kf2 Bg4 44. gxh6 Rxh6 45. Ne4 Bxf4 {pro
nesrozumitelnost ukonceno} 1-0